| 000 | 01735nam2a2200301 4500 | ||
|---|---|---|---|
| 001 | RU\NLR\BIBL_A\022176115 | ||
| 005 | 20250625150411.0 | ||
| 010 |
_a978-5-7598-2325-4 _9500 |
||
| 035 | _a(NLR Aleph) 022176115 | ||
| 090 |
_a12967525 _c12967525 |
||
| 100 | _a20240322d2021 |||y0rusy50 ca | ||
| 101 | 0 | _arus | |
| 102 | _aRU | ||
| 105 | _aa|||z|||000zy | ||
| 200 | 1 |
_aКрасота по-персидски. "Собеседник влюбленных" Шараф ад-Дина Рами _dOf Persian beauty. The Lovers' companion by Šaraf ad-Dīn Rāmī _fН.Ю. Чалисова _zeng |
|
| 210 |
_d2021 _aБ. м. |
||
| 215 |
_a430, [1] с. _cил. _d22 |
||
| 320 | _aБиблиогр.: с. 323-335 и в подстроч. примеч. | ||
| 461 | 0 |
_1001RU\NLR\INFOCOMM29\5000539591 _12001#$aOrientalia et classica$eТр. Ин-та вост. культур$fРос. гос. гуманит. ун-т$v3 (74) _93055532 _cМ. _d2002 - _fРос. гос. гуманит. ун-т _nИзд. центр Рос. гос. гуманит. ун-та _oТр. Ин-та вост. культур _tOrientalia et classica _v3 (74) |
|
| 510 | 1 |
_aOf Persian beauty. The Lovers' companion by Šaraf ad-Dīn Rāmī _zeng |
|
| 604 |
_1700#1$aРами$bШ. ад-Д.$gШараф ад-Дин$f-ок. 1392 _1500##$a"Собеседник влюбленных"$2nlr_sh2$3RU\NLR\AUTH\6601707537 _aРами, Шараф ад-Дин (-ок. 1392) _t"Собеседник влюбленных" _92519402 _3RU\NLR\AUTH\6601707537 |
||
| 686 | 1 | _aШ5(0)952.314-4Рами | |
| 700 | 1 |
_7ca _8rus _aЧалисова _bН. Ю. _gНаталья Юрьевна _9160398 _3RU\NLR\AUTH\770160440 |
|
| 852 |
_aNLR _jП22/7743 |
||
| 942 | _cISSUE | ||
| 980 | _aNB | ||
| 980 | _aRUSPER | ||